| 000 | 05260nam a22004937a 4500 | ||
|---|---|---|---|
| 005 | 20081117102341.0 | ||
| 008 | 081117t xxu||||| |||| 00| 0 eng d | ||
| 010 | _aB-274348-365 | ||
| 020 |
_a9788188237821 _c145.00 |
||
| 035 | _aB-274348-365 | ||
| 037 | _aI.K /2008/CRB/0000445/6.06.08/58/16.5.08/20.6.08 | ||
| 040 |
_adpl _bEnglish |
||
| 082 | _a363.70071 | ||
| 100 | _aTiwari, Manoj | ||
| 245 |
_aEnvironmental studies / _cby Manoj Tiwari, Kapil Khulbe [and] Archana Tiwari |
||
| 260 |
_aNew Delhi _bI.K. International Publishing House _c2007 |
||
| 270 |
_aS-25, Green Park Extension, Uphaar Cinema Market, _bNew Delhi _e110016 |
||
| 300 |
_axvi, 272p.: _c24cm (pbk) _bill. ; b&w photos |
||
| 500 | _aIncluses glossary and index | ||
| 700 | _aKhulbe, Kapil | ||
| 700 | _aTiwari, Archana | ||
| 942 |
_2ddc _cEN _mTIW _h363.70071 |
||
| 999 |
_c18488 _d18488 |
||